000 00528nam a2200181Ia 4500
003 OSt
005 20240926120445.0
008 210210b1947 xxu||||| |||| 00| 0 eng d
040 _cAL
041 _akan
082 _a859/1565
100 _aRAMARAV (M)
_9155895
_dರಾಮರಾವ್ (ಎಂ)
245 _aChakravartiya kogile:
_bಚಕ್ರವರ್ತಿಯ ಕೋಗಿಲೆ
260 _aBengaluru
_bSatyashodhana Prakatana Mandira
_c1947
690 _aKannada Fiction
_9155896
906 _a022293
942 _2ddc
_cBK
999 _c146446
_d146446